000 01463cam a22003254a 4500
001 MEB027612 CDL007312
005 20140925151704.0
007 co |g|||||||||
008 100929s2012 caua b 001 0 eng
010 _a2010041190
020 _a9780321735522
035 _a(OCoLC)ocn667874002
040 _aDNLM/DLC
_cDLC
_dYDX
_dYDXCP
_dDLC
042 _apcc
050 0 0 _aQP 34.5
_b.M337 2012
100 1 _aMarieb, Elaine Nicpon,
_d1936-
245 1 0 _aEssentials of human anatomy & physiology /
_cElaine N. Marieb.
246 3 _aEssentials of human anatomy and physiology.
250 _a10th ed.
260 _aSan Francisco, CA :
_bBenjamin Cummings,
_cc2012.
300 _axxiv, 632 p. :
_bcol. ill. ;
_c28 cm. +
_e1 CD-ROM (4 3/4 in.)
500 _aLC copy 2 imperfect: accompanying CD-ROM wanting.
_5DLC.
504 _aIncludes bibliographical references and index.
505 0 _aThe human body : an orientation -- Basic chemistry -- Cells and tissues -- Skin and body membranes -- The skeletal system -- The muscular system -- The nervous system -- Special senses -- The endocrine system -- Blood -- The cardiovascular system -- The lymphatic system and body defenses -- The respiratory system -- The digestive system and body metabolism -- The urinary system -- The reproductive system.
650 0 _aHuman physiology.
650 0 _aHuman anatomy.
650 _aAnatomy.
650 _aPhysiological Phenomena.
942 _2lcc
_cBK
_kFOR
999 _c275884
_d275884